Регионална библиотека "Любен Каравелов" - Русе

Sonate per violino e basso continuo op. V (Запис номер 222147)

MARC детайли
000 -Лидер
Контролно поле с фиксирана дължина 00823njm a2200265 c 4500
003 - Код на организацията, давaща контролен номер
Контролно поле BLK
005 - Дата и час на последна редакция
Контролно поле 20180421002507.0
008 - Елементи от данни с фиксирана дължина
fixed length control field 180410b bul||n||s|||||||| n|bulo|
010 ## - Наследен системен номер
LC control number CDD00004150000
040 ## - Източник на каталожния запис
Идентификатор на билиотеката - собственик на записа BLK
041 ## - Код за език
Код за езика на текст/звукозапис или на отделно заглавие Български
Код за езика КДБФ Български
100 1# - Редна дума - Автор
Автор Corelli, Arcangelo
Авторска отговорност първи автор
R(LIN) 7620
139 ## - Редно поле
Редна дума Corelli, Arcangelo
Авторски знак
245 10 - Сведения за заглавието
Заглавие Sonate per violino e basso continuo op. V
Подзаглавни данни CD 1 -
Редно поле (дума) Arcangelo Corelli.
Том CD 1
Заглавие на том Sonate a violino e violone o cimbalo
257 ## - Страна на издаване
Страна на създаване/издаване България
260 ## - Област на издателските данни
-- Milano
Година на издаване 2003 -
380 ## - Жанр
Жанр Изкуство
590 ## - Забележки на библиотеката, притежаваща документа (RLIN)
Служебно S.N: 111357 от КНИГИ
760 1# - Описание на основната серия
Редна дума на основното описание Corelli, Arcangelo
Място на издаване, издател и година 2003
Заглавие CD 1 Sonate a violino e violone o cimbalo
852 ## - Местоположение
Форматна сигнатура Цб CD 614
Част 0
856 4# - Електронен адрес и достъп
Електронен формат pdf - файл
Път до файла /url/
856 4# - Електронен адрес и достъп
Електронен формат pdf - файл
Път до файла /url/
942 ## - АРТИКУЛИ
Вид на библиотечния материал Компактдискове
Скрит в OPAC Не
944 ## - СЪЗДАВАНЕ И РЕДАКЦИЯ на ЗАПИСА
Създаване/Редакция Създаване
Дата на регистрацията/редакция 25.02.2004
Служител, извършил регистрацията/редакцията Валя_Йорданова
944 ## - СЪЗДАВАНЕ И РЕДАКЦИЯ на ЗАПИСА
Създаване/Редакция Редакция
Дата на регистрацията/редакция 01.03.2004
Служител, извършил регистрацията/редакцията
999 ## - СИСТЕМНИ КОНТРОЛНИ НОМЕРА
Koha biblionumber 222147
Koha biblioitemnumber 222147
Наличности
Код за отписване Код за изгубен артикул Източник на класификационната схема Код за повреда Коз за рестрикции Код за отдаване Артикулен № Име на библиотеката - собственик Име на библиотеката, в която се намира в момента Статус (Текущо местоположение) Дата на вписване в системата Местоположение - отдел Цена в лева Инвентарен номер Систематично азбучна сигнатура Баркод Номер на екземпляра Цена в евро Служебна бележка Служебен тип на артикула
  Не е изгубен Universal Decimal Classification Не е повреден без рестрикции заемане за дома 394074 Регионална библиотека "Любен Каравелов" Русе Регионална библиотека "Любен Каравелов" Русе Отдел Изкуство - подръчен фонд 2004-02-27 Отдел Изкуство - подръчен фонд 2.50 250000000759 78.082/C 79 250000000759 1 1.28 Дост: Pk Вид: Ф N: 234 Дата: 26.02.2004 Компактдискове
Vip Innovations Ltd, Rousse, Bulgaria 2025